00417 a2200121 4500001000900000005001700009008004100026245010600067100002100173700001900194700001900213773006300232ART_720920260410161700.0260409a 10aEl ajuste estacional y los efectos del calendario doméstico en un agregado monetario para Argentina1 aBurdisso, Tamara1 aBlanco, Emilio1 aSardi, Mariano0 tEnsayos Económicosg- Nº 57/58 (ene./jun. 2010)wREV620